01567cam a2200337 i 450000100090000000300090000900500170001800800410003502000240007604000380010008200220013824501370016026400710029730000490036833600260041733700280044333800270047150000240049850000210052250502500054365000690079365000510086265000600091365100100097365300200098365500170100370000300102094200120105099900170106295201500107917895247EG-ScBUE20230426095823.0130923s2015 maua f df 001 0 eng d a9780240825182 (pbk) aDLCbengerdacDLCdDLCdEG-ScBUE04a778.5345222bVES04aThe VES handbook of visual effects :bindustry standard VFX practices and procedures /cedited by Jeffrey A. Okun [and three others] 1aBurlington ;aOxon :bFocal Press / Taylor & Francis Group,c2015. axxxvii, 1099 pages :billustrations ;c24 cm 2rdacontentatextbtxt 2rdamediaaunmediatedbn 2rdacarrieravolumebnc aIncludes glossary.  aIncludes index. 0 aPre-production/preparation -- Acquistion/shooting -- Performance and motion capture -- Stereoscopic 3D -- Post-production/image manipulation -- Digital element creation -- Interactive games -- Complete animation -- Other workflow considerations. 7aCinematographyxSpecial effectsvHandbooks, manuals, etc.2BUEsh 7aDigital videovHandbooks, manuals, etc.2BUEsh 7aDigital cinematographyvHandbooks, manuals, etc.2BUEsh 2BUEsh bCOMAMEcMay2016 vReading book1 aOkun, Jeffrey A,eeditor. 2ddccBB c21701d21673 00102ddc40708BaccahaMAINbMAINc0THd2016-05-04ePurchaseg350.00l1m2o778.5345 VESp000032428r2025-07-15 00:00:00s2016-05-04yREFERENCE